Canadian Animals by Picture - Statistics

General Stats
  • This quiz has been taken 101 times
  • The average score is 13 of 16
Answer Stats
Picture Answer % Correct
Moose
100%
Beaver
94%
Grizzly
91%
Polar Bear
91%
Killer Whale
88%
Lynx
86%
Narwhal
86%
Canada Goose
83%
Caribou
83%
Blue Jay
81%
Walrus
79%
Puffin
74%
Elk
65%
Wolverine
64%
Loon
50%
Muskrat
44%
No matching quizzes found
Score Distribution
Percent of People with Each Score
Percentile by Number Answered
Your Score History
You have not taken this quiz